Statistiques concernant Nationale, clubs de la saison 2021-2022.

Cliquez ici pour prendre le quiz!

Statistiques générales

  • Ce quiz a été pris 32 fois
  • Le résultat moyen est 9 sur 14

Statistiques - réponses

Classement Nationale 2021Clubs% Correct
3e SC Albi
81%
6e US Dax
77%
1er Stade niçois
77%
15e (ProD2) Valence Romans DR
77%
16e (ProD2) Soyaux Angoulême XV
77%
5e RC Massy
73%
8e CS Bourgoin-Jallieu
65%
9e Stado Tarbes PR
58%
10e Blagnac rugby
54%
12e SO Chambéry
54%
7e Union Cognac Saint-Jean-d'Angély
50%
11e Stade dijonnais
42%
13e RC Suresnes
42%
14e RC Aubenas Vals
31%

Distribution des résultats

Percentile par nombre de réponses

% des personnes avec chaque résultat

Votre développement - résultats

Vous n’avez pas pris ce quiz